I cento epigrammi proibiti /

Gespeichert in:
Bibliographische Detailangaben
1. Verfasser: Martialis, Marcus Valerius (Verfasst von)
Weitere Verfasser: Zagato, Franco (Herausgegeben von)
Format: Buch
Sprache:Italienisch
Latein
Veröffentlicht: Roma : Tascabili economici Newton, 1992
Schriftenreihe:Centopaginemillelire ; 17
Tags: Tag hinzufügen
Keine Tags, Fügen Sie das erste Tag hinzu!

MARC

LEADER 00000nam a22000007i 4500
001 IT\ICCU\LO1\0302839
003 ItRI
005 20260115231933.0
008 930427s1992 it |||||| ||||| |||||c
020 |a 8879830910 (Dalla 3. ed. 1993) 
040 |b ita  |c importazione bologna sebina 
041 7 |a ita  |a lat  |2 ISO-639-2 
082 |a 871.01  |9 POESIA LATINA. ORIGINI-500  |2 19 
100 1 |a Martialis, Marcus Valerius  |0 IT\ICCU\CFIV\024822  |4 aut 
240 1 0 |a Epigrammata  |3 IT\ICCU\CFI\0157978  |9 Martialis, Marcus Valerius 
245 1 2 |a I cento epigrammi proibiti /  |c Marco Valerio Marziale ; a cura di Franco Zagato. 
260 |a Roma :  |b Tascabili economici Newton,  |c 1992 
300 |a 97 p. ;  |c 20 cm 
500 |a Testo originale a fronte. 
700 1 |a Zagato, Franco  |0 IT\ICCU\CFIV\012632  |4 edt 
790 0 |a Marziale  |3 IT\ICCU\CFIV\024823  |z Martialis, Marcus Valerius 
790 1 |a Marziale, Marco Valerio  |3 IT\ICCU\CFIV\098467  |z Martialis, Marcus Valerius 
830 0 |a Centopaginemillelire ;  |v 17  |0 IT\ICCU\RAV\0196182 
942 |2 ddc  |c BK  |n 0 
952 |0 0  |1 0  |4 0  |6 DOC_871_000000000000000_MAR  |7 0  |9 17185  |a BO  |b BO  |d 2026-01-15  |i 10292  |l 0  |o DOC 871 MAR  |p BO10292  |r 2026-01-15 23:19:33  |w 2026-01-15  |x [Sebina 5] [1 v.]  |y BK  |z 1 v. 
999 |c 14673  |d 14673